Laverne & Shirley Picture Click Quiz Stats

 Plays Quiz not verified by Sporcle

Score 0/7 Timer 02:00
2 Plays Today
% Correct
Edna Babish
98.3%
Laverne DeFazio
97.7%
Shirley Feeney
96.6%
Andrew 'Squiggy' Squiggman
96.2%
Frank DeFazio
94.5%
Lenny Kosnowski
93.1%
Carmine Ragusa
92.3%

You're not logged in!

Compare scores with friends on all Sporcle quizzes.
OR
Log In

You Might Also Like...

Show Comments

Extras

Top Quizzes Today


Score Distribution

Your Account Isn't Verified!

In order to create a playlist on Sporcle, you need to verify the email address you used during registration. Go to your Sporcle Settings to finish the process.

Report this User

Report this user for behavior that violates our Community Guidelines.

Details: